Tạp chí phát triển và hội nhập = Journal of development and integration Số 44
Trong số này trình bày Phát triển sáng tạo và đổi mới; nghiên cứu và trao đổi; phát triển kinh tế địa phương; giáo dục và đào tạo;...
Bewaard in:
| Formaat: | Boek |
|---|---|
| Taal: | Vietnamese |
| Gepubliceerd in: |
TP. Hồ Chí Minh
Trường Đại học Kinh tế Tài chính TP. HCM
2019
|
| Onderwerpen: | |
| Tags: |
Voeg label toe
Geen labels, Wees de eerste die dit record labelt!
|
| Thư viện lưu trữ: | Thư viện Trường Đại học Nam Cần Thơ |
|---|
| LEADER | 01059nam a22002177a 4500 | ||
|---|---|---|---|
| 001 | NCT_130921 | ||
| 008 | 220509b xxu||||| |||| 00| 0 vie d | ||
| 999 | |c 6724 |d 6724 | ||
| 022 | |a 1859-428X | ||
| 041 | |a vie | ||
| 082 | 0 | 4 | |2 23rd ed. |a 330 |b T109C |
| 245 | 0 | 0 | |a Tạp chí phát triển và hội nhập = |b Journal of development and integration |n Số 44 |c Trường Đại học Kinh tế Tài chính TP. HCM |
| 260 | |a TP. Hồ Chí Minh |b Trường Đại học Kinh tế Tài chính TP. HCM |c 2019 | ||
| 300 | |c 30cm | ||
| 310 | |a Hàng tháng | ||
| 362 | |a 01-02/2019 | ||
| 520 | 3 | |a Trong số này trình bày Phát triển sáng tạo và đổi mới; nghiên cứu và trao đổi; phát triển kinh tế địa phương; giáo dục và đào tạo;... | |
| 655 | |a Tạp chí | ||
| 942 | |2 ddc |c CR | ||
| 952 | |0 0 |1 0 |2 ddc |4 0 |6 330_000000000000000_T109C |7 0 |9 24603 |a 000001 |b 000001 |d 2022-05-31 |o 330 T109C |r 2022-05-31 |w 2022-05-31 |y CR | ||
| 980 | |a Thư viện Trường Đại học Nam Cần Thơ | ||